Olympic Boxing Weight Classes - Statistics

General Stats
  • This quiz has been taken 387 times
    381 since last reset
  • The average score is 9 of 11
Answer Stats
Weight Class % Correct
81 - 91 Heavyweight
99%
56 - 60 Lightweight
98%
91+ Super-Heavyweight
92%
69 - 75 Middleweight
90%
64 - 69 Welterweight
85%
75 - 81 Light-Heavyweight
83%
49 - 52 Flyweight
82%
52 - 56 Bantamweight
81%
54 - 57* Featherweight
81%
60 - 64 Light-Welterweight
43%
46 - 49 Light-Flyweight
35%
No matching quizzes found
Score Distribution
Percent of People with Each Score
Percentile by Number Answered
Your Score History
You have not taken this quiz since the last reset